[Event "Henry Chilufya Mem 2017"]
[Site "Mansa"]
[Date "2017.10.23"]
[Round "8"]
[White "Gupta, Abhijeet"]
[Black "Wanyama, Harold"]
[Result "1-0"]
[WhiteElo "2619"]
[BlackElo "2290"]
[Annotator "TA"]
[PlyCount "57"]
[EventDate "2017.??.??"]
[EventType "swiss"]
[EventCountry "ZAM"]
[SourceTitle "playchess.com"]
[Source "ChessBase"]
[SourceQuality "1"]

{[%evp 15,57,-23,-33,-58,-5,-5,-19,-20,8,14,10,8,10,0,14,0,234,228,239,245,279,
268,328,321,514,518,510,506,504,505,478,475,651,630,596,515,517,505,632,616,
630,617,625,616]} 1. d4 Nf6 2. c4 e6 3. Nf3 d5 4. Nc3 c6 5. g3 Nbd7 6. Bg2 dxc4
7. O-O b5 8. Ng5 {E01: Catalan: Early deviations} Qb6 {LiveBook: 4 Games} 9. a4
{With the idea axb5.} b4 ({Better is} 9... Bb7 $1 $15) 10. a5 $11 {The
position is equal.} Qa6 11. Nce4 h6 $146 ({Predecessor:} 11... Bb7 12. Nxf6+
gxf6 13. Ne4 O-O-O 14. Qc2 c5 15. Be3 Bd5 {1-0 (80) Gupta,A (2577)-Robson,R 
(2570) Wijk aan Zee 2010}) 12. Nxf6+ Nxf6 13. Nf3 $1 {[%cal Bg5f3,Bf3e5,Be5f7]
[%mdl 32]} Bb7 14. Ne5 Bd6 15. Bf4 {[%cal Bc1f4,Bf4d6,Bd6c5][%mdl 32]} Nd5 $2 {
[#]} (15... Rd8 $11 16. Qc1 Bc7) 16. Nxf7 $1 $18 {[%mdl 512]} Kxf7 17. Bxd6
Rhd8 {[#]} 18. Bc5 $1 e5 19. dxe5 c3 $2 {[#]} (19... Qb5 {might work better.})
20. e6+ $1 {[%mdl 512] White is clearly winning.} Kg8 (20... Kxe6 21. e4) 21.
e7 Nxe7 22. Qb3+ Nd5 23. e4 Qb5 24. exd5 cxd5 25. Qxb4 Qxb4 26. Bxb4 c2 27.
Rfc1 Rac8 28. a6 Ba8 29. Bf1 {Precision: White = 81%, Black = 31%.} 1-0

[Event "Henry Chilufya Mem 2017"]
[Site "Mansa"]
[Date "2017.10.23"]
[Round "8"]
[White "Kiriakov, Petr"]
[Black "Mwali, Chitumbo"]
[Result "1-0"]
[WhiteElo "2543"]
[BlackElo "2334"]
[Annotator "TA"]
[PlyCount "51"]
[EventDate "2017.??.??"]
[EventType "swiss"]
[EventCountry "ZAM"]
[SourceTitle "playchess.com"]
[Source "ChessBase"]
[SourceQuality "1"]

{[%evp 12,51,42,37,55,26,59,31,15,19,22,12,62,66,65,86,98,39,33,41,39,41,70,34,
36,50,50,50,150,120,184,175,525,393,385,395,425,432,466,18,994,0]} 1. d4 Nf6 2.
c4 e6 3. Nc3 Bb4 4. Qb3 c5 5. dxc5 Na6 6. a3 {E22: Nimzoindisch (4.Db3)} Bxc5 (
6... Bxc3+ 7. Qxc3 Nxc5 8. f3 d6 9. e4 O-O 10. Be3 Qc7 11. Rd1 b6 12. b4 Ncd7
13. Qd4 d5 14. cxd5 exd5 15. exd5 Re8 16. Bb5 Bb7 17. d6 Qc2 {1-0 (46) Kraemer,
M (2546)-Klein,D (2498) Barcelona 2014}) 7. Nf3 {LiveBook: 17 Partien} Be7 8.
Bf4 $146 {Weiß steht etwas besser.} ({Vorgänger:} 8. Bg5 O-O 9. Rd1 d6 10. e3
Nc5 11. Qc2 a5 12. b4 axb4 13. axb4 Na6 {1-0 (32) Anikonov,D (2075)-Volontinas,
I (2093) Krasnoyarsk 2013}) 8... O-O 9. Rd1 d5 10. e3 {[%cal Rc4d5]} Nc5 11.
Qc2 a5 12. Be2 Qb6 13. O-O {[%cal Rc4d5]} Bd7 14. Be5 (14. cxd5 $16 {Droht d6
und aus.} Nxd5 15. Nxd5 exd5 16. Rxd5) 14... dxc4 $14 15. Nd2 {[%cal Bf3d2,
Bd2c4,Bc4d6,Bd6b5][%mdl 32]} Qa7 16. Nxc4 b5 17. Nd6 b4 18. Ncb5 $36 {[%mdl
2048] Weiss steht aktiver.} Bxb5 19. Nxb5 Qb6 ({Günstiger ist} 19... Qb7 $1 $14
) 20. axb4 axb4 {[#]} (20... Na6 $16) 21. Bd6 $1 $18 {[%cal Rd6e7]} Nd5 $2 (
21... b3 22. Qc1 Rae8 23. Bxe7 Rxe7) 22. Bxe7 Nxe7 23. Rd6 Nc6 24. Rc1 Rac8 {
Schwarz hofft, mit ...Db8 fortzusetzen.} 25. Rdd1 $2 {[#]} (25. Qxc5 $18 Qxc5
26. Rxc5) 25... Qb7 $2 {[%mdl 8192]} (25... Na5 $11) 26. Rd6 $2 {[%mdl 32768]
Precision: Weiß = 52%, Schwarz = 31%. . Loss on Time!?} ({Weiss braucht} 26.
Nd6 $18) 1-0

[Event "Henry Chilufya Mem 2017"]
[Site "Mansa"]
[Date "2017.10.23"]
[Round "8"]
[White "Greenfeld, Alon"]
[Black "Ssegwanyi, Arthur"]
[Result "1-0"]
[WhiteElo "2509"]
[BlackElo "2373"]
[Annotator "TA"]
[PlyCount "49"]
[EventDate "2017.??.??"]
[EventType "swiss"]
[EventCountry "ZAM"]
[SourceTitle "playchess.com"]
[Source "ChessBase"]
[SourceQuality "1"]

{[%evp 16,49,37,49,38,48,62,46,58,49,228,217,256,220,222,226,198,179,454,452,
463,441,383,359,485,295,297,281,402,407,551,554,547,522,545,545]} 1. Nf3 Nf6 2.
c4 e6 3. Nc3 d5 4. d4 Be7 5. Bf4 O-O 6. e3 dxc4 7. Bxc4 a6 {D37: Queen's
Gambit Declined: 5 Bf4} 8. Qc2 c5 (8... Nbd7 9. Rd1 b5 10. Bd3 Bb7 11. O-O h6
12. a4 Bxf3 13. gxf3 b4 14. Ne4 Nd5 15. Bg3 {1-0 (23) Sumets,A (2599)-Dervishi,
E (2540) Altenkirchen 2012}) 9. dxc5 {LiveBook: 3 Games} Qa5 {White is
slightly better.} 10. O-O $146 ({Predecessor:} 10. a3 Qxc5 11. Ba2 b5 12. O-O
Bb7 13. Rac1 Nbd7 14. Qe2 Qh5 15. Rfd1 Rac8 16. Ne5 Qxe2 17. Nxe2 Nxe5 18. Bxe5
Rxc1 19. Rxc1 Rc8 20. Rxc8+ Bxc8 {1/2-1/2 (20) Sapis,W (2370)-Gizynski,T (2280)
Jachranka 1987}) 10... Qxc5 11. Ne4 Qc6 12. Neg5 {[%cal Be4g5,Bg5f7,Bf7e5]
[%mdl 32]} b5 $2 (12... h6 $14 13. Ne5 Qe8) 13. Ne5 $18 Qc5 {[#]} 14. b4 $1 {
[%cal Rb4c5]} Qxb4 15. Bd3 {[%cal Rd3h7]} g6 16. Ngxf7 $40 {[%mdl 128] aiming
for Bxg6! White attacks with force.} Nbd7 $2 (16... Qa4) 17. Bxg6 Nxe5 18. Nxe5
({Not} 18. Bxe5 Rxf7 19. Bxf7+ Kxf7 $16) 18... Bb7 19. Bh6 {[#] Threatening
mate with Bxh7+!} Kh8 {Now ...Rac8 and Black clings on.} 20. Bxf8 Rxf8 21. Qc7
Ba8 (21... Bd6 {is a better defense.} 22. Qxb7 (22. Nf7+ Rxf7 23. Qxf7 Bxh2+
24. Kxh2 Qh4+ 25. Kg1 Bxg2 $16) 22... Bxe5) 22. a3 Qc5 23. Rfc1 {White is
clearly winning.} Qxc7 24. Rxc7 Nd5 25. Ra7 {Precision: White = 68%, Black =
29%.} 1-0

[Event "Henry Chilufya Mem 2017"]
[Site "Mansa"]
[Date "2017.10.23"]
[Round "8"]
[White "Chumfwa, Stanley"]
[Black "Phiri, Richmond"]
[Result "1/2-1/2"]
[WhiteElo "2278"]
[BlackElo "2290"]
[Annotator "NA"]
[PlyCount "30"]
[EventDate "2017.??.??"]
[EventType "swiss"]
[EventCountry "ZAM"]
[SourceTitle "playchess.com"]
[Source "ChessBase"]
[SourceQuality "1"]
[TimeControl "40/5400+30:1800+30"]

1. d4 {[%emt 0:05:03]} Nf6 {[%emt 0:00:11]} 2. c4 {[%emt 0:00:18]} e6 {[%emt 0:
00:07]} 3. g3 {[%emt 0:00:04]} d5 {[%emt 0:00:05]} 4. Bg2 {[%emt 0:00:06]} Be7
{[%emt 0:00:04]} 5. Nf3 {[%emt 0:00:06]} O-O {[%emt 0:00:05]} 6. O-O {[%emt 0:
00:05]} dxc4 {[%emt 0:00:04]} 7. Qc2 {[%emt 0:00:17]} a6 {[%emt 0:00:18]} 8.
Qxc4 {[%emt 0:00:23]} b5 {[%emt 0:00:05]} 9. Qc2 {[%emt 0:00:14]} Bb7 {[%emt 0:
00:06]} 10. Bd2 {[%emt 0:00:13]} Be4 {[%emt 0:00:08]} 11. Qc1 {[%emt 0:00:18]}
Bb7 {[%emt 0:00:13]} 12. Qc2 {[%emt 0:00:28]} Be4 {[%emt 0:00:31]} 13. Qc1 {
[%emt 0:00:07]} Bb7 {[%emt 0:00:15]} 14. Qc2 {[%emt 0:00:19]} Be4 {[%emt 0:00:
07]} 15. Qc1 {[%emt 0:00:11]} Bb7 1/2-1/2